00769nam a2200217 i 4500001001000000003000900010005001700019007000300036008004100039040003000080041000800110082001900118100004200137245008800179246006600267264007100333300005500404336002800459337003300487338003100520000036022DO-SdBNP20260203131306.0ta111123s1997 dr ac 000 0 spa d aDO-SdBNPbspacBNPHUerda aspa 4axxxbB641d2221 aBlanco, Dionisio,d1953-eautor4aut.10aDionisio Blanco (Dominican Republic) :brecent paintings, December 4 - December 18.14aDionisio Blanco :bsembradores sobre la memoria de la tierra. aSanto Domingo :bThe Embassy, Gallery of International Art,c1997. a[8 páginas] :bilustraciones, retratos ;c22 cm. atextobtxt2rdacontent  asin mediaciónbn2rdamedia avolumen bnc2rdacarrier